Untouchable (Record no. 4268)

MARC details
000 -LEADER
fixed length control field 00377nam a22001697a 4500
005 - DATE AND TIME OF LATEST TRANSACTION
control field 20260402132019.0
008 - FIXED-LENGTH DATA ELEMENTS--GENERAL INFORMATION
fixed length control field 160627b xxu||||| |||| 00| 0 eng d
020 ## - INTERNATIONAL STANDARD BOOK NUMBER
ISBN 0-14-302780-8
041 ## - LANGUAGE CODE
Language code of text/sound track or separate title eng
082 ## - DEWEY DECIMAL CLASSIFICATION NUMBER
Classification number 823.912
100 ## - MAIN ENTRY--AUTHOR NAME
Personal name Anand, Mulk Raj
245 ## - TITLE STATEMENT
Title Untouchable
260 ## - PUBLICATION, DISTRIBUTION, ETC. (IMPRINT)
Name of publisher Penguin India
Year of publication 2001
300 ## - PHYSICAL DESCRIPTION
Number of Pages 148
650 ## - SUBJECT ADDED ENTRY--TOPICAL TERM
Topical Term Management
942 ## - ADDED ENTRY ELEMENTS (KOHA)
Koha item type Books
Holdings
Lost status Damaged status Collection code Home library Current library Shelving location Date acquired Cost, normal purchase price Full call number Accession Number Koha item type
    LIFE SKILL JRU Library JRU Library SHELF-101-A 27/06/2016 200.00 823.912 10497 Books